000 00569nam a2200193Ia 4500
003 GCL
008 140319s9999 xx 000 0 ara d
040 _aGCL /
_cGCL
082 0 4 _a229.3
_bس د
100 1 _aعبدالقادر حسين
245 1 0 _aدعاء الانبياء والصالحين فى القرآن الكريم /
_cعبدالقادر حسين
700 1 _aسيد احمد الشال
300 _a125 ص
490 _aكتاب
_v0
650 0 4 _aالادعية
650 0 4 _aالقران - الفاظ
650 0 4 _aالقران
942 _2ddc
_cBK
999 _c42574
_d42574